[Event "Riazan Region-ch FL"]
[Site "Riazan"]
[Date "2011.01.02"]
[Round "?"]
[White "Chernov, Igor"]
[Black "Zuev, Jaroslav"]
[Result "1/2-1/2"]
[WhiteElo "2135"]
[BlackElo "2042"]
[PlyCount "20"]
[EventDate "2011.01.02"]
[EventType "swiss"]
[EventRounds "9"]
[EventCountry "RUS"]
[SourceTitle "EXT 2022"]
[Source "ChessBase"]
[SourceDate "2021.10.06"]
[SourceVersion "1"]
[SourceVersionDate "2021.10.06"]
[SourceQuality "1"]

1. e4 c6 2. b3 d5 3. exd5 cxd5 4. Bb2 e6 5. Nf3 Nf6 6. Bb5+ Nc6 7. d3 Be7 8. Nbd2 0-0 9. 0-0 Bd7 10. Rc1 Rc8 1/2-1/2

[Event "Riazan Region-ch FL"]
[Site "Riazan"]
[Date "2011.01.02"]
[Round "?"]
[White "Gryzov, Alexandr"]
[Black "Zuev, Jaroslav"]
[Result "1/2-1/2"]
[WhiteElo "2017"]
[BlackElo "2042"]
[PlyCount "66"]
[EventDate "2011.01.02"]
[EventType "swiss"]
[EventRounds "9"]
[EventCountry "RUS"]
[SourceTitle "EXT 2022"]
[Source "ChessBase"]
[SourceDate "2021.10.06"]
[SourceVersion "1"]
[SourceVersionDate "2021.10.06"]
[SourceQuality "1"]

1. d4 d5 2. c4 c6 3. Nf3 Nf6 4. cxd5 cxd5 5. Nc3 Nc6 6. Bf4 Bf5 7. e3 e6 8. Bd3 Ne4 9. 0-0 Bd6 10. Bxd6 Nxd6 11. Bxf5 Nxf5 12. Qb3 Qe7 13. a3 0-0 14. Rfe1 Rfc8 15. Rac1 Na5 16. Qb5 Nc4 17. e4 Nfd6 18. Qb4 a5 19. Qb3 Nxe4 20. Nxe4 dxe4 21. Rxe4 Nd6 22. Ree1 Nf5 23. d5 Rxc1 24. Rxc1 a4 25. Qc2 g6 26. dxe6 Qxe6 27. Re1 Qd7 28. Qe4 Rc8 29. g3 Qb5 30. Nd4 Nxd4 31. Qxd4 h5 32. Qf6 Qc6 33. Qxc6 Rxc6 1/2-1/2

[Event "Riazan Region-ch FL"]
[Site "Riazan"]
[Date "2011.01.02"]
[Round "?"]
[White "Voronin, Vladimir"]
[Black "Zuev, Jaroslav"]
[Result "0-1"]
[WhiteElo "2034"]
[BlackElo "2042"]
[PlyCount "62"]
[EventDate "2011.01.02"]
[EventType "swiss"]
[EventRounds "9"]
[EventCountry "RUS"]
[SourceTitle "EXT 2022"]
[Source "ChessBase"]
[SourceDate "2021.10.06"]
[SourceVersion "1"]
[SourceVersionDate "2021.10.06"]
[SourceQuality "1"]

1. e4 c6 2. d4 d5 3. Nc3 dxe4 4. Nxe4 Bf5 5. Ng3 Bg6 6. h4 h6 7. Nf3 Nd7 8. h5 Bh7 9. Bd3 Bxd3 10. Qxd3 Qc7 11. c4 e6 12. a3 Ngf6 13. Bd2 Bd6 14. Ne2 0-0-0 15. b4 e5 16. c5 Be7 17. dxe5 Nxe5 18. Qf5+ Nfd7 19. Bf4 Bf6 20. 0-0 Nxf3+ 21. gxf3 Be5 22. Bg3 Rhe8 23. Rad1 Bxg3 24. Nxg3 Re7 25. Ne4 Kb8 26. Nd6 Re5 27. Qxf7 Rf8 28. Qb3 Qd8 29. Ne4 Rxh5 30. Qd3 Qh4 31. Qd6+ Ka8 0-1

[Event "Riazan Region-ch FL"]
[Site "Riazan"]
[Date "2011.01.02"]
[Round "?"]
[White "Zuev, Jaroslav"]
[Black "Kalinin, Vasiliy"]
[Result "0-1"]
[WhiteElo "2042"]
[BlackElo "2255"]
[PlyCount "56"]
[EventDate "2011.01.02"]
[EventType "swiss"]
[EventRounds "9"]
[EventCountry "RUS"]
[SourceTitle "EXT 2022"]
[Source "ChessBase"]
[SourceDate "2021.10.06"]
[SourceVersion "1"]
[SourceVersionDate "2021.10.06"]
[SourceQuality "1"]

1. d4 g6 2. c4 Bg7 3. Nc3 d6 4. e4 e5 5. Nf3 Nd7 6. Bg5 Ngf6 7. Be2 h6 8. Bh4 g5 9. Bg3 Nh5 10. Nxe5 Nxg3 11. Nxf7 Kxf7 12. fxg3 Rf8 13. c5 dxc5 14. Qb3+ Kg6 15. e5 Nxe5 16. dxe5 Bxe5 17. Rd1 Bd4 18. Rd2 Kg7 19. h4 g4 20. Ne4 Qe7 21. Bd3 Be6 22. Qxb7 Rab8 23. Qc6 Rb6 24. Qa4 Rb4 25. Qxa7 Bd5 26. a3 Rb3 27. Bc2 Re3+ 28. Kd1 Ra8 0-1